|
|
|
|
| LEADER |
00000nam0a2200000 4500 |
| 001 |
117672 |
| 005 |
20231031123856.0 |
| 010 |
|
|
|a 9785769547706
|
| 035 |
|
|
|a (RuTPU)RU\TPU\book\127373
|
| 090 |
|
|
|a 117672
|
| 100 |
|
|
|a 20070605d2008 m y0rusy50 ca
|
| 101 |
0 |
|
|a rus
|
| 102 |
|
|
|a RU
|
| 105 |
|
|
|a a j 001zy
|
| 200 |
1 |
|
|a Телекоммуникационные технологии. Введение в технологии GSM
|e учебное пособие
|f С. Б. Макаров [и др.]
|
| 205 |
|
|
|a 2-е изд., испр.
|
| 210 |
|
|
|a Москва
|c Академия
|d 2008
|
| 215 |
|
|
|a 256 с.
|c ил.
|
| 225 |
1 |
|
|a Высшее профессиональное образование. Телекоммуникации
|
| 320 |
|
|
|a Список литературы: с. 252.
|
| 330 |
|
|
|a Рассмотрены принципы построения сотовых сетей подвижной связи стандарта GSM и вопросы, возникающие в процессе создания и функционирования этих сетей: от общих концепций построения беспроводных систем связи до принципов тарификации за предоставленные абонентам услуги. Приведены примеры выполнения различных сетевых процедур в процессе перемещения абонентов по сети и вне ее, а к наиболее важным из этих процедур даны четкие алгоритмы выполнения и иллюстрирующие их схемы. Значительное внимание уделено изучению технологии GPRS. Для студентов высших учебных заведений.
|
| 451 |
|
1 |
|0 (RuTPU)RU\TPU\book\120492
|y 5-7695-2728-5
|t Телекоммуникационные технологии. Введение в технологии GSM
|o учебное пособие
|f С. Б. Макаров [и др.]
|c М.
|n Академия
|d 2006
|p 256 с.
|s Высшее профессиональное образование. Телекоммуникации
|
| 610 |
1 |
|
|a телекоммуникации
|
| 610 |
1 |
|
|a сотовые сети
|
| 610 |
1 |
|
|a GSM
|
| 610 |
1 |
|
|a беспроводная связь
|
| 610 |
1 |
|
|a физические каналы
|
| 610 |
1 |
|
|a логические каналы
|
| 610 |
1 |
|
|a коммуникации
|
| 610 |
1 |
|
|a базовые станции
|
| 610 |
1 |
|
|a подсистемы
|
| 610 |
1 |
|
|a аппаратные узлы
|
| 610 |
1 |
|
|a AXE
|
| 610 |
1 |
|
|a мобильные станции
|
| 610 |
1 |
|
|a трафик
|
| 610 |
1 |
|
|a частотно-территориальное планирование
|
| 610 |
1 |
|
|a техническое обслуживание
|
| 610 |
1 |
|
|a абонентские услуги
|
| 610 |
1 |
|
|a клиентские счета
|
| 610 |
1 |
|
|a тарификация
|
| 610 |
1 |
|
|a пакетные сети
|
| 610 |
1 |
|
|a данные
|
| 610 |
1 |
|
|a передача данных
|
| 610 |
1 |
|
|a TCP/IP
|
| 610 |
1 |
|
|a GPRS-технологии
|
| 610 |
1 |
|
|a архитектура
|
| 610 |
1 |
|
|a услуги
|
| 610 |
1 |
|
|a обслуживание
|
| 610 |
1 |
|
|a услуги
|
| 610 |
1 |
|
|a учебные пособия
|
| 675 |
|
|
|a 681.324.06(075.8)
|v 3
|
| 701 |
|
1 |
|a Макаров
|b С. Б.
|g Сергей Борисович
|
| 701 |
|
1 |
|a Певцов
|b Н. В.
|g Николай Владимирович
|
| 701 |
|
1 |
|a Попов
|b Е. А.
|g Евгений Александрович
|
| 701 |
|
1 |
|a Сиверс
|b М. А.
|g Мстислав Аркадьевич
|
| 801 |
|
1 |
|a RU
|b 63413507
|c 20070605
|g PSBO
|
| 801 |
|
2 |
|a RU
|b 63413507
|c 20210301
|g PSBO
|
| 900 |
|
|
|a Телекоммуникационные системы и технологии
|
| 900 |
|
|
|a Информационные сети и телекоммуникации
|
| 942 |
|
|
|c BK
|
| 951 |
|
|
|b 210400
|
| 959 |
|
|
|a 47/20070604
|d 1
|e 180,00
|f ЧЗТЛ:1
|